000
00217 a2200097 4500
001
47644
100
_a
Elliott R
245
_a
Learning music
260
_a
Columbia
_b
Charles E Merrill book
_c
090
_c
30655
_d
30655
942
_a
NUST-CAE
_c
M
_c
22953
999
_c
282717
_d
282717